书目信息 |
| 题名: |
电路分析
|
|
| 作者: | 康巨珍 , 康晓明 编著 | |
| 分册: | ||
| 出版信息: | 北京 国防工业出版社 2003 |
|
| 页数: | 10,378页 | |
| 开本: | 26cm | |
| 丛书名: | ||
| 单 册: | ||
| 中图分类: | TM133 | |
| 科图分类: | ||
| 主题词: | 电路分析--高等教育 | |
| 电子资源: | ||
| ISBN: | 7-118-03153-4 | |
| 000 | 00797nam0 2200241 45 | |
| 001 | 002475391 | |
| 005 | 20050627152552.5 | |
| 010 | @a7-118-03153-4@dCNY32.00 | |
| 100 | @a20031015d2003 em y0chiy0110 ea | |
| 101 | 0 | @achi |
| 102 | @aCN@b110000 | |
| 105 | @ay z 000yy | |
| 200 | 1 | @a电路分析@Adian lu fen xi@f康巨珍,康晓明编著@FKang Ju Zhen,Kang Xiao Ming Bian Zhu |
| 210 | @a北京@c国防工业出版社@d2003 | |
| 215 | @a10,378页@d26cm | |
| 300 | @a高等工业学校、高等职业教育院校教材 | |
| 330 | @a全书共十三章。阐述了电路基本概念和基本定律、电阻电路的等效变换、网络分析的一般方法、正弦交流电路、互感电路等内容。 | |
| 606 | 0 | @a电路分析@x高等教育 |
| 690 | @aTM133@v4 | |
| 701 | 0 | @a康巨珍@4编著 |
| 701 | 0 | @a康晓明@4编著 |
| 801 | 0 | @aCN@bNLC@c20031229 |
| 905 | @f5@b358517-521@dTM133@e134 | |
| 电路分析/康巨珍,康晓明编著.-北京:国防工业出版社,2003 |
| 10,378页;26cm |
| 高等工业学校、高等职业教育院校教材 |
| ISBN 7-118-03153-4:CNY32.00 |
| 全书共十三章。阐述了电路基本概念和基本定律、电阻电路的等效变换、网络分析的一般方法、正弦交流电路、互感电路等内容。 |
| ● |
| 相关链接 |
|
|
|
|
正题名:电路分析
索取号:TM133/134
 
预约/预借
| 序号 | 登录号 | 条形码 | 馆藏地/架位号 | 状态 | 备注 |
| 1 | 0358517 | 3585178 | 第二样本阅览室/ [索取号:TM133/134] | 在馆 | |
| 2 | 0358518 | 3585187 | 第三借阅区/ [索取号:TM133/134] | 在馆 | |
| 3 | 0358519 | 3585196 | 第三借阅区/ [索取号:TM133/134] | 在馆 | |
| 4 | 0358520 | 3585203 | 第三借阅区/ [索取号:TM133/134] | 在馆 | |
| 5 | 0358521 | 3585212 | 第三借阅区/ [索取号:TM133/134] | 在馆 |